000 00377nam a2200133Ia 4500
008 231129s2000||||xx |||||||||||||| ||spa||
040 _bspa
082 _a370.1 M858si
100 _aMorin Edgar
245 0 _aLos siete saberes necesarios para la educación del futuro
260 _c2000
264 _aBogotá Colombia : Ministerio de Educación Nacional
942 _2ddc
_cBKS
999 _c20067
_d20067